| 000 | 00679nam a2200193 i 4500 | ||
|---|---|---|---|
| 001 | 79916 | ||
| 003 | ES-MaACL | ||
| 005 | 20230906174100.0 | ||
| 007 | t| | ||
| 008 | 041025s1945 sp ||||1| spa d | ||
| 100 | 1 |
_aHess, Julius H. _963461 |
|
| 245 | 1 | 3 |
_aEl niño prematuro _b: cuidados médicos y asistencia general / _cpor Julius H. Hess y Evelyn C. Lundeen ; traducción española revisada por José Domenech Alsina. |
| 250 | _a1ª ed. | ||
| 260 |
_aBarcelona : _bSalvat, _c1945 ( _fHispano-Americana) |
||
| 300 |
_aXV, 352 p. : _bil. ; _c23 cm. |
||
| 700 | 1 |
_aLundeen, Evelyn C. _974786 |
|
| 700 | 1 |
_aDomenech Alsina, José. _945089 |
|
| 852 |
_aES-MaACL _jE-182 _bR.21588 |
||
| 999 |
_c79916 _d79916 |
||